Agencias transnacionales de información y el Tercer Mundo /
Es un libro en el que se presenta un panorama sobre lo que son y lo que hacen las principales agencias de información. Se tratan las siguientes agencias: Associated Press, France Presse, Reuters, United Press y Tass. Aborda también 3 problemas fundamentales: el derecho de información y las agencias...
Збережено в:
| Автор: | |
|---|---|
| Формат: | Книга |
| Мова: | Іспанська |
| Опубліковано: |
Quito, Ecuador :
The Quito Times,
1984
|
| Серія: | (Intiyan)
|
| Предмети: | |
| Теги: |
Немає тегів, Будьте першим, хто поставить тег для цього запису!
|
MARC
| LEADER | 00000nam^a2200000^a^4500 | ||
|---|---|---|---|
| 001 | 000000481 | ||
| 005 | 20250521000000.0 | ||
| 009 | 20260310083028.24 | ||
| 037 | |a Acervo ITESO - Biblioteca | ||
| 041 | |a ESP | ||
| 082 | |a 302. 23134 |b SAL | ||
| 100 | |a Salinas, Raquel |e (autor) | ||
| 245 | 1 | 0 | |a Agencias transnacionales de información y el Tercer Mundo / |c R. Salinas. |
| 264 | 1 | |a Quito, Ecuador : |b The Quito Times, |c 1984 | |
| 300 | |a 458 p. | ||
| 336 | |a texto |b txt |2 rdacontenido | ||
| 337 | |a sin mediación |b n |2 rdamedio | ||
| 338 | |a volumen |b nc |2 rdasoporte | ||
| 440 | 1 | |a (Intiyan) | |
| 520 | |a Es un libro en el que se presenta un panorama sobre lo que son y lo que hacen las principales agencias de información. Se tratan las siguientes agencias: Associated Press, France Presse, Reuters, United Press y Tass. Aborda también 3 problemas fundamentales: el derecho de información y las agencias transnacionales, el problema de las telecomunicaciones que limitan el desarrollo de las agencias del tercer mundo y el periodismo para el desarrollo. | ||
| 649 | |a XX | ||
| 650 | |a Agencias de Información | ||
| 650 | |a Transnacionales | ||
| 650 | |a Periodismo | ||
| 650 | |a Telecomunicaciones | ||
| 650 | |a Medios de Comunicación | ||
| 650 | |a Comunicación Masiva | ||
| 650 | |a Derecho a la Información | ||
| 650 | |a Comunicación y Política | ||
| 650 | |a Países Subdesarrollados | ||
| 910 | |a Fondo General | ||
| 920 | |a Impresos - Libros | ||
| 930 | |a Colección General | ||
| 905 | |a 101 | ||
| 901 | |a 0004810100 |b IT1 |c ACC |i 000481 |u 20250521 | ||
| 902 | |a https://opac.biblio.iteso.mx/vufind/Record/000000481 | ||